Энциклопедия символов, знаков, эмблем / (Record no. 128102)
[ view plain ]
| 000 -LEADER | |
|---|---|
| fixed length control field | 01228nam a2200253 a 4500 |
| 001 - CONTROL NUMBER | |
| control field | 000338702 |
| 003 - CONTROL NUMBER IDENTIFIER | |
| control field | AM-YeHGA |
| 005 - DATE AND TIME OF LATEST TRANSACTION | |
| control field | 20250617131003.0 |
| 008 - FIXED-LENGTH DATA ELEMENTS--GENERAL INFORMATION | |
| fixed length control field | 040531s2003 ||| r 000 0 rus d |
| 020 ## - INTERNATIONAL STANDARD BOOK NUMBER | |
| International Standard Book Number | 5699035311 |
| 040 ## - CATALOGING SOURCE | |
| Original cataloging agency | AM-YeHGA |
| 041 0# - LANGUAGE CODE | |
| Language code of text/sound track or separate title | rus |
| 090 ## - LOCALLY ASSIGNED LC-TYPE CALL NUMBER (OCLC); LOCAL CALL NUMBER (RLIN) | |
| -- | 129466 |
| 100 1# - MAIN ENTRY--PERSONAL NAME | |
| Personal name | Королев, Кирилл Михайлович |
| 245 10 - TITLE STATEMENT | |
| Title | Энциклопедия символов, знаков, эмблем / |
| Statement of responsibility, etc. | Кирилл Королев. |
| 260 ## - PUBLICATION, DISTRIBUTION, ETC. | |
| Place of publication, distribution, etc. | Москва : |
| Name of publisher, distributor, etc. | ЭКСМО; |
| Place of publication, distribution, etc. | Санкт-Петербург : |
| Name of publisher, distributor, etc. | Terra Fantastica, |
| Date of publication, distribution, etc. | 2003. |
| 300 ## - PHYSICAL DESCRIPTION | |
| Extent | 525 с. |
| Other physical details | [24] л. цв. ил. ; ил., табл. |
| 520 ## - SUMMARY, ETC. | |
| Summary, etc. | Книга содержит расшифровку и толкование знаков и символов от простых и общепринятых до сакральных и многослойных. Для широкого круга читателей. |
| 504 ## - BIBLIOGRAPHY, ETC. NOTE | |
| Bibliography, etc. note | Библиогр.: с. 517-520 |
| 650 14 - SUBJECT ADDED ENTRY--TOPICAL TERM | |
| Topical term or geographic name entry element | Религия |
| General subdivision | Вневероисповедные формы религии |
| Form subdivision | Справочник |
| 650 14 - SUBJECT ADDED ENTRY--TOPICAL TERM | |
| Topical term or geographic name entry element | Символы |
| Form subdivision | Справочник |
| 650 14 - SUBJECT ADDED ENTRY--TOPICAL TERM | |
| Topical term or geographic name entry element | Знаки |
| Form subdivision | Справочник |
| 650 14 - SUBJECT ADDED ENTRY--TOPICAL TERM | |
| Topical term or geographic name entry element | Эмблемы |
| Form subdivision | Справочник |
| Withdrawn status | Lost status | Source of classification or shelving scheme | Damaged status | Not for loan | Collection | Home library | Current library | Date acquired | Total checkouts | Full call number | Barcode | Date last seen | Copy number | Price effective from | Koha item type | Public note |
|---|---|---|---|---|---|---|---|---|---|---|---|---|---|---|---|---|
| Universal Decimal Classification | General | Fundamental Scientific Library | Fundamental Scientific Library | 22/12/2016 | PII/650347 | FL0190376 | 22/12/2016 | 7.045(031) | 22/12/2016 | Գրքեր / Books | 30 Days Loan |
ՀՀ Գիտությունների ազգային ակադեմիայի հիմնարար գիտական գրադարան = Fundamental Scientific Library of NAS RA
All site content, except where otherwise noted, is licensed under a